| 000 | 00709nam a22002537a 4500 | ||
|---|---|---|---|
| 003 | URS | ||
| 005 | 20251022142536.0 | ||
| 008 | 251008b ||||| |||| 00| 0 eng d | ||
| 020 | _a978-1-292-47116-7 | ||
| 040 | _cURS | ||
| 050 |
_aTK7816 _b.G669 2025 |
||
| 100 | 1 | _aFloyd, Thomas L. | |
| 245 |
_aElectronics Fundamentals _bCircuits, Devices, and Applications |
||
| 250 | _aNinth Edition | ||
| 264 |
_aUnited Kingdom _bPearson Education Limited _c©2025 |
||
| 300 |
_a1132 pages.,: _c28 cm. |
||
| 336 |
_2rdacontent _atext |
||
| 337 |
_2rdamedia _aunmediated |
||
| 338 |
_2rdacarrier _avolume |
||
| 650 | 0 | _aElectronics | |
| 700 | _aBuchla, David M. | ||
| 700 | _aSnyder, Gary D. | ||
| 942 |
_2lcc _cFR |
||
| 999 |
_c88361 _d88358 |
||